[Event "DVM U14w 2020"]
[Site "Willingen GER"]
[Date "2021.06.25"]
[Round "4"]
[White "Köppel, Clementine"]
[Black "Xiao, Yiyi"]
[Result "0-1"]
[Termination "normal"]
[Board "2.4"]
[WhiteElo "1244"]
[BlackElo "1381"]
[WhiteClock "00:43:13"]
[BlackClock "01:17:15"]
[WhiteTeam "ATSV Oberkotzau"]
[BlackTeam "SC Weisse Dame e.V."]
[PlyCount "106"]
[WhiteFideId "34605819"]
[BlackFideId "34605665"]
[EventCountry "GER"]
[EventRounds "7"]
[EventType "team-swiss"]
[EventDate "2021.06.23"]

1. e4 {[%clk 1:30:58]} 1... e5 {[%clk 1:30:45]} 2. Nf3 {[%clk 1:31:23]} 2...
Nc6 {[%clk 1:30:59]} 3. d4 {[%clk 1:31:46]} 3... exd4 {[%clk 1:31:08]} 4. Nxd4
{[%clk 1:32:10]} 4... g6 {[%clk 1:31:23]} 5. Nxc6 {[%clk 1:32:11]} 5... bxc6 {
[%clk 1:31:41]} 6. Nc3 {[%clk 1:32:03]} 6... Bg7 {[%clk 1:31:54]} 7. Bc4 {
[%clk 1:31:35]} 7... Nf6 {[%clk 1:32:02]} 8. e5 {[%clk 1:31:39]} 8... Qe7 {
[%clk 1:31:35]} 9. Bf4 {[%clk 1:30:32]} 9... d6 {[%clk 1:31:37]} 10. Qe2 {
[%clk 1:30:14]} 10... Nh5 {[%clk 1:30:29]} 11. Be3 {[%clk 1:25:30]} 11... Qxe5
{[%clk 1:29:57]} 12. O-O-O {[%clk 1:21:39]} 12... O-O {[%clk 1:29:59]} 13. g4 {
[%clk 1:18:47]} 13... Nf6 {[%clk 1:29:50]} 14. f3 {[%clk 1:15:59]} 14... Nxg4 {
[%clk 1:29:24]} 15. fxg4 {[%clk 1:11:35]} 15... Bxg4 {[%clk 1:29:40]} 16. Qxg4
{[%clk 1:11:47]} 16... Qxe3+ {[%clk 1:30:01]} 17. Rd2 {[%clk 1:08:25]} 17...
Bxc3 {[%clk 1:30:08]} 18. bxc3 {[%clk 1:08:47]} 18... Qxc3 {[%clk 1:30:11]} 19.
Bb3 {[%clk 1:08:36]} 19... Rae8 {[%clk 1:27:44]} 20. Qd4 {[%clk 1:05:29]} 20...
Qxd4 {[%clk 1:27:46]} 21. Rxd4 {[%clk 1:05:51]} 21... Re7 {[%clk 1:28:08]} 22.
Rg4 {[%clk 1:01:38]} 22... Rfe8 {[%clk 1:28:15]} 23. Ba4 {[%clk 1:00:29]} 23...
Re1+ {[%clk 1:28:27]} 24. Rxe1 {[%clk 1:00:55]} 24... Rxe1+ {[%clk 1:28:42]}
25. Kb2 {[%clk 1:01:20]} 25... Re2 {[%clk 1:28:54]} 26. h4 {[%clk 1:01:28]}
26... c5 {[%clk 1:28:58]} 27. Bb3 {[%clk 1:01:19]} 27... c6 {[%clk 1:27:32]}
28. h5 {[%clk 1:01:14]} 28... Kg7 {[%clk 1:27:20]} 29. hxg6 {[%clk 1:00:23]}
29... fxg6 {[%clk 1:26:54]} 30. Ba4 {[%clk 1:00:28]} 30... d5 {[%clk 1:26:50]}
31. Bxc6 {[%clk 1:00:19]} 31... d4 {[%clk 1:27:09]} 32. Kc1 {[%clk 0:57:17]}
32... Kf6 {[%clk 1:27:18]} 33. Rh4 {[%clk 0:55:28]} 33... h5 34. Bb5 34... Rg2
{[%clk 1:25:43]} 35. Bd3 {[%clk 0:54:47]} 35... Kg5 {[%clk 1:25:41]} 36. Re4 {
[%clk 0:52:33]} 36... h4 37. Re6 37... Kf4 {[%clk 1:23:39]} 38. Re4+ { [%clk
0:52:11]} 38... Kg3 {[%clk 1:23:38]} 39. Re1 {[%clk 0:51:11]} 39... h3 { [%clk
1:23:31]} 40. Be4 {[%clk 0:51:02]} 40... Kf2 {[%clk 1:23:16]} 41. Rh1 { [%clk
0:47:01]} 41... h2 {[%clk 1:23:05]} 42. Kb2 {[%clk 0:45:19]} 42... g5 43. Bf5
Kg3 44. Be4 44... c4 {[%clk 1:18:16]} 45. Ka3 {[%clk 0:43:26]} 45... d3 46.
cxd3 46... cxd3 {[%clk 1:16:52]} 47. Bxd3 {[%clk 0:43:25]} 47... Rg1 { [%clk
1:17:15]} 48. Be4 {[%clk 0:43:13]} 48... Rxh1 49. Bxh1 Kf2 50. Kb2 g4 51. Kc3
g3 52. Bd5 g2 53. Bxg2 Kxg2 0-1

[Event "DVM U14w 2020"]
[Site "Willingen GER"]
[Date "2021.06.25"]
[Round "4"]
[White "Jacobasch, Ronja"]
[Black "Werner, Rosalie"]
[Result "1-0"]
[Termination "normal"]
[Board "3.1"]
[WhiteElo "1397"]
[BlackElo "1751"]
[WhiteClock "00:27:11"]
[BlackClock "00:17:29"]
[WhiteTeam "SSV Altenberg"]
[BlackTeam "VSG 1880 Offenbach"]
[PlyCount "103"]
[WhiteFideId "34604340"]
[BlackFideId "16223748"]
[EventCountry "GER"]
[EventRounds "7"]
[EventType "team-swiss"]
[EventDate "2021.06.23"]

1. Nf3 {[%clk 1:30:58]} 1... Nf6 {[%clk 1:30:53]} 2. g3 {[%clk 1:31:06]} 2...
d5 {[%clk 1:31:13]} 3. Bg2 {[%clk 1:30:58]} 3... e6 {[%clk 1:31:34]} 4. O-O {
[%clk 1:31:00]} 4... b6 {[%clk 1:31:25]} 5. d3 {[%clk 1:23:32]} 5... Bb7 {
[%clk 1:31:42]} 6. Nbd2 {[%clk 1:22:31]} 6... Be7 {[%clk 1:31:56]} 7. Re1 {
[%clk 1:20:19]} 7... c5 {[%clk 1:32:09]} 8. b3 {[%clk 1:11:13]} 8... Nc6 {
[%clk 1:28:22]} 9. Bb2 {[%clk 1:05:36]} 9... Qc7 {[%clk 1:19:25]} 10. e4 {
[%clk 1:00:51]} 10... O-O-O {[%clk 1:07:51]} 11. exd5 {[%clk 0:56:26]} 11...
exd5 {[%clk 1:07:40]} 12. Ne5 {[%clk 0:46:40]} 12... Bd6 {[%clk 0:57:57]} 13.
Nxc6 {[%clk 0:41:35]} 13... Bxc6 {[%clk 0:57:36]} 14. Bxf6 {[%clk 0:38:46]}
14... gxf6 {[%clk 0:57:58]} 15. Qg4+ {[%clk 0:36:57]} 15... Kb8 {[%clk 0:56:00]
} 16. Re2 {[%clk 0:33:12]} 16... h5 {[%clk 0:50:45]} 17. Qh4 {[%clk 0:28:33]}
17... Be5 {[%clk 0:44:27]} 18. Rc1 {[%clk 0:25:00]} 18... Rdg8 {[%clk 0:43:17]}
19. Bh3 {[%clk 0:19:32]} 19... Bd7 20. Bxd7 {[%clk 0:17:42]} 20... Qxd7 { [%clk
0:37:16]} 21. Kg2 {[%clk 0:14:54]} 21... Rg4 {[%clk 0:22:55]} 22. Qh3 { [%clk
0:14:53]} 22... Qc8 {[%clk 0:21:26]} 23. f3 {[%clk 0:14:27]} 23... Rg7 { [%clk
0:15:56]} 24. Qxc8+ {[%clk 0:14:47]} 24... Kxc8 {[%clk 0:16:19]} 25. Kh3 {[%clk
0:12:01]} 25... Rhg8 {[%clk 0:11:42]} 26. c3 {[%clk 0:08:32]} 26... Bd6 {[%clk
0:10:53]} 27. Rce1 {[%clk 0:07:55]} 27... Kd7 {[%clk 0:10:32]} 28. Nf1 { [%clk
0:07:35]} 28... Rg5 {[%clk 0:01:55]} 29. f4 {[%clk 0:06:35]} 29... R5g6 { [%clk
0:02:02]} 30. Ne3 {[%clk 0:05:45]} 30... h4 {[%clk 0:01:29]} 31. Nf5 { [%clk
0:05:35]} 31... hxg3 {[%clk 0:01:34]} 32. hxg3 {[%clk 0:04:51]} 32... Rh8+
{[%clk 0:01:33]} 33. Kg2 {[%clk 0:03:45]} 33... Rhg8 {[%clk 0:01:28]} 34. Kf3
{[%clk 0:03:10]} 34... Bf8 {[%clk 0:01:28]} 35. Kf2 {[%clk 0:02:31]} 35... Rh8
{[%clk 0:01:19]} 36. Kf3 {[%clk 0:02:07]} 36... Rgg8 {[%clk 0:01:09]} 37. Ne7
{[%clk 0:02:03]} 37... Bxe7 {[%clk 0:00:46]} 38. Rxe7+ {[%clk 0:02:28]} 38...
Kc6 {[%clk 0:00:38]} 39. Rxf7 {[%clk 0:02:37]} 39... Re8 {[%clk 0:00:41]} 40.
Rxe8 {[%clk 0:02:13]} 40... Rxe8 {[%clk 0:01:07]} 41. Rxf6+ {[%clk 0:02:36] }
41... Kc7 {[%clk 0:01:26]} 42. Rf7+ {[%clk 0:02:49]} 42... Kc6 { [%clk
0:01:14]} 43. Kf2 {[%clk 0:02:10]} 43... a5 {[%clk 0:30:19]} 44. Rf6+ { [%clk
0:31:21]} 44... Kc7 {[%clk 0:29:50]} 45. Rf5 {[%clk 0:31:14]} 45... Kc6 { [%clk
0:29:49]} 46. Re5 {[%clk 0:31:30]} 46... Rh8 {[%clk 0:29:42]} 47. f5 { [%clk
0:30:20]} 47... Rh2+ {[%clk 0:27:19]} 48. Kf3 {[%clk 0:30:40]} 48... Rxa2
{[%clk 0:23:29]} 49. f6 {[%clk 0:28:19]} 49... Ra1 {[%clk 0:23:07]} 50. Re2 {
[%clk 0:27:36]} 50... Kd7 {[%clk 0:18:54]} 51. Kg2 {[%clk 0:27:10]} 51... b5 {
[%clk 0:17:29]} 52. f7 {[%clk 0:27:11]} 1-0

[Event "DVM U14w 2020"]
[Site "Willingen GER"]
[Date "2021.06.25"]
[Round "4"]
[White "Buchholz, Maja"]
[Black "Glotz, Diana"]
[Result "1-0"]
[Termination "normal"]
[Board "3.2"]
[WhiteElo "1713"]
[BlackElo "1110"]
[WhiteClock "01:14:42"]
[BlackClock "00:51:33"]
[WhiteTeam "VSG 1880 Offenbach"]
[BlackTeam "SSV Altenberg"]
[PlyCount "89"]
[WhiteFideId "16200500"]
[BlackFideId "16278500"]
[EventCountry "GER"]
[EventRounds "7"]
[EventType "team-swiss"]
[EventDate "2021.06.23"]

1. c4 {[%clk 1:30:58]} 1... e5 {[%clk 1:30:51]} 2. g3 {[%clk 1:31:20]} 2... Nf6
{[%clk 1:30:56]} 3. Bg2 {[%clk 1:31:41]} 3... Nc6 {[%clk 1:31:01]} 4. Nc3 {
[%clk 1:32:00]} 4... Bb4 {[%clk 1:31:09]} 5. e3 {[%clk 1:32:10]} 5... d6 {
[%clk 1:31:24]} 6. Nge2 {[%clk 1:32:29]} 6... O-O {[%clk 1:31:37]} 7. O-O {
[%clk 1:32:47]} 7... Bf5 {[%clk 1:31:44]} 8. d4 {[%clk 1:32:14]} 8... exd4 {
[%clk 1:30:32]} 9. exd4 {[%clk 1:32:09]} 9... Re8 {[%clk 1:29:35]} 10. h3 {
[%clk 1:30:47]} 10... Qd7 {[%clk 1:29:32]} 11. Kh2 {[%clk 1:30:57]} 11... Na5 {
[%clk 1:24:53]} 12. b3 {[%clk 1:30:13]} 12... Rad8 {[%clk 1:23:30]} 13. Be3 {
[%clk 1:29:29]} 13... c5 {[%clk 1:22:21]} 14. Na4 {[%clk 1:19:46]} 14... cxd4 {
[%clk 1:15:48]} 15. Bxd4 {[%clk 1:19:06]} 15... b6 {[%clk 1:15:44]} 16. a3 {
[%clk 1:17:53]} 16... Bc5 {[%clk 1:15:59]} 17. Bxf6 {[%clk 1:18:12]} 17... gxf6
{[%clk 1:16:07]} 18. b4 {[%clk 1:17:53]} 18... Bxb4 {[%clk 1:15:53]} 19. axb4 {
[%clk 1:18:12]} 19... Nxc4 {[%clk 1:15:54]} 20. Nac3 {[%clk 1:17:18]} 20... Nb2
{[%clk 1:14:04]} 21. Qb3 {[%clk 1:16:26]} 21... Nd3 {[%clk 1:13:43]} 22. Nd4 {
[%clk 1:16:32]} 22... Re5 {[%clk 1:09:22]} 23. Nc6 {[%clk 1:16:12]} 23... Rde8
{[%clk 1:04:46]} 24. Rxa7 {[%clk 1:12:42]} 24... Qe6 {[%clk 1:04:17]} 25. Qxe6
{[%clk 1:12:48]} 25... R5xe6 {[%clk 1:04:36]} 26. Bd5 {[%clk 1:13:08]} 26...
Ne5 {[%clk 1:00:43]} 27. Nxe5 {[%clk 1:12:33]} 27... fxe5 {[%clk 1:01:03]} 28.
Bxe6 {[%clk 1:12:31]} 28... Bxe6 {[%clk 1:01:04]} 29. Rb7 {[%clk 1:12:26]}
29... Rc8 {[%clk 1:00:39]} 30. Na4 {[%clk 1:12:27]} 30... b5 {[%clk 0:58:24]}
31. Rxb5 {[%clk 1:12:14]} 31... Bd7 {[%clk 0:56:16]} 32. Ra5 {[%clk 1:12:13]}
32... f6 {[%clk 0:55:19]} 33. Nb6 {[%clk 1:12:20]} 33... Rc7 {[%clk 0:55:33]}
34. Nxd7 {[%clk 1:12:40]} 34... Rxd7 {[%clk 0:55:59]} 35. Rd5 {[%clk 1:12:35]}
35... Kf7 {[%clk 0:56:06]} 36. Rfd1 {[%clk 1:12:50]} 36... Ke6 {[%clk 0:56:20]}
37. b5 {[%clk 1:13:13]} 37... Ke7 {[%clk 0:56:29]} 38. b6 {[%clk 1:13:32]}
38... h6 {[%clk 0:56:38]} 39. Kg2 {[%clk 1:13:52]} 39... h5 {[%clk 0:56:25]}
40. Kf3 {[%clk 1:14:02]} 40... f5 {[%clk 0:56:31]} 41. Rc1 {[%clk 1:14:07]}
41... Rd8 {[%clk 0:55:43]} 42. Rc7+ {[%clk 1:14:00]} 42... Ke6 {[%clk 0:55:52]}
43. Rb5 {[%clk 1:14:19]} 43... e4+ {[%clk 0:55:58]} 44. Kf4 {[%clk 1:14:41]}
44... d5 {[%clk 0:51:33]} 45. b7 {[%clk 1:14:42]} 1-0

[Event "DVM U14w 2020"]
[Site "Willingen GER"]
[Date "2021.06.25"]
[Round "4"]
[White "Müller, Cosima"]
[Black "Dixon Quiroz, Laura Michaela"]
[Result "1-0"]
[Termination "normal"]
[Board "3.3"]
[WhiteElo "1505"]
[BlackElo "1304"]
[WhiteClock "00:57:54"]
[BlackClock "00:13:31"]
[WhiteTeam "SSV Altenberg"]
[BlackTeam "VSG 1880 Offenbach"]
[PlyCount "93"]
[WhiteFideId "34601490"]
[BlackFideId "16248708"]
[EventCountry "GER"]
[EventRounds "7"]
[EventType "team-swiss"]
[EventDate "2021.06.23"]

1. e4 {[%clk 1:30:57]} 1... d5 {[%clk 1:30:54]} 2. exd5 {[%clk 1:31:22]} 2...
Qxd5 {[%clk 1:31:19]} 3. Nc3 {[%clk 1:31:46]} 3... Qd6 {[%clk 1:31:40]} 4. d4 {
[%clk 1:32:06]} 4... c6 {[%clk 1:31:59]} 5. Nf3 {[%clk 1:32:07]} 5... Bg4 {
[%clk 1:32:16]} 6. Be2 {[%clk 1:31:55]} 6... Nf6 {[%clk 1:32:18]} 7. O-O {
[%clk 1:31:13]} 7... e6 {[%clk 1:32:03]} 8. Bg5 {[%clk 1:31:14]} 8... Nbd7 {
[%clk 1:31:19]} 9. Bxf6 {[%clk 1:29:50]} 9... Nxf6 {[%clk 1:29:58]} 10. Ne5 {
[%clk 1:30:06]} 10... Bf5 {[%clk 1:25:17]} 11. Qd2 {[%clk 1:28:00]} 11... Qc7 {
[%clk 1:24:11]} 12. Bd3 {[%clk 1:25:15]} 12... Bxd3 {[%clk 1:16:34]} 13. Qxd3 {
[%clk 1:25:14]} 13... Bd6 {[%clk 1:16:04]} 14. Rfe1 {[%clk 1:24:21]} 14... Bb4
{[%clk 1:05:47]} 15. Qg3 {[%clk 1:15:13]} 15... Rg8 {[%clk 1:01:12]} 16. Re3 {
[%clk 1:13:31]} 16... O-O-O {[%clk 1:00:10]} 17. Ne4 {[%clk 1:11:29]} 17... h6
{[%clk 0:50:10]} 18. c3 {[%clk 1:10:38]} 18... Nxe4 {[%clk 0:47:18]} 19. Rxe4 {
[%clk 1:10:39]} 19... Bd6 {[%clk 0:47:32]} 20. Qh4 {[%clk 1:09:18]} 20... c5 {
[%clk 0:36:52]} 21. Ree1 {[%clk 1:07:17]} 21... Be7 {[%clk 0:25:46]} 22. Qe4 {
[%clk 1:03:37]} 22... Bf6 {[%clk 0:23:36]} 23. dxc5 {[%clk 1:03:03]} 23... Rd5
{[%clk 0:22:59]} 24. Nd3 {[%clk 1:01:34]} 24... Rgd8 {[%clk 0:20:37]} 25. Rad1
{[%clk 1:01:17]} 25... h5 {[%clk 0:19:28]} 26. Re3 {[%clk 0:58:48]} 26... g5 {
[%clk 0:19:06]} 27. Qf3 {[%clk 0:58:33]} 27... g4 {[%clk 0:18:17]} 28. Qxf6 {
[%clk 0:58:37]} 28... Rf5 {[%clk 0:17:46]} 29. Qh4 {[%clk 0:58:24]} 29... Qxc5
{[%clk 0:17:31]} 30. Ree1 {[%clk 0:58:10]} 30... Rfd5 {[%clk 0:14:19]} 31. Nxc5
{[%clk 0:57:29]} 31... Rxd1 {[%clk 0:14:19]} 32. f3 {[%clk 0:57:43]} 32... gxf3
{[%clk 0:13:43]} 33. Rxd1 {[%clk 0:56:58]} 33... Rxd1+ {[%clk 0:13:38]} 34. Kf2
{[%clk 0:57:17]} 34... fxg2 {[%clk 0:13:29]} 35. Kxg2 {[%clk 0:57:54]} 35...
Rd2+ {[%clk 0:13:31]} 36. Kf3 Rxb2 37. Qe7 Rd2 38. Ke3 Rd5 39. Qxb7+ Kd8 40.
Qb8+ Ke7 41. Ne4 f5 42. Qc7+ Rd7 43. Qc5+ Kf7 44. Ng5+ Kf6 45. Kf4 Rd5 46. Qc6
Re5 47. Qe8 1-0

[Event "DVM U14w 2020"]
[Site "Willingen GER"]
[Date "2021.06.25"]
[Round "4"]
[White "Alferova, Emily"]
[Black "Lorenz, Veronika"]
[Result "0-1"]
[Termination "normal"]
[Board "4.1"]
[WhiteElo "1365"]
[BlackElo "1336"]
[WhiteClock "00:01:04"]
[BlackClock "00:28:13"]
[WhiteTeam "SC Garching 1980 e.V."]
[BlackTeam "TSG Oberschöneweide e.V."]
[PlyCount "82"]
[WhiteFideId "16265904"]
[BlackFideId "16277406"]
[EventCountry "GER"]
[EventRounds "7"]
[EventType "team-swiss"]
[EventDate "2021.06.23"]

1. d4 {[%clk 1:30:57]} 1... Nf6 {[%clk 1:30:23]} 2. Nf3 {[%clk 1:31:23]} 2...
g6 {[%clk 1:30:42]} 3. Nbd2 {[%clk 1:31:25]} 3... Bg7 {[%clk 1:30:40]} 4. e4 {
[%clk 1:31:17]} 4... d6 {[%clk 1:30:49]} 5. c3 {[%clk 1:30:50]} 5... O-O {
[%clk 1:30:44]} 6. Be2 {[%clk 1:29:32]} 6... Nbd7 {[%clk 1:28:46]} 7. O-O {
[%clk 1:27:37]} 7... e5 {[%clk 1:28:18]} 8. dxe5 {[%clk 1:22:00]} 8... dxe5 {
[%clk 1:28:38]} 9. Qc2 {[%clk 1:21:50]} 9... a5 {[%clk 1:23:09]} 10. b3 { [%clk
1:16:30]} 10... b6 {[%clk 1:20:42]} 11. Ba3 {[%clk 1:12:49]} 11... Re8 { [%clk
1:20:38]} 12. Rad1 {[%clk 1:09:56]} 12... Bb7 {[%clk 1:19:02]} 13. Rfe1 { [%clk
1:07:32]} 13... Bf8 {[%clk 1:11:33]} 14. Bxf8 {[%clk 1:04:33]} 14... Kxf8
{[%clk 1:11:34]} 15. Bf1 {[%clk 0:57:53]} 15... Qe7 {[%clk 1:09:43]} 16. Bc4 {
[%clk 0:54:02]} 16... Nc5 {[%clk 1:06:55]} 17. Ng5 {[%clk 0:45:14]} 17... Red8
{[%clk 0:49:42]} 18. Nxf7 {[%clk 0:34:06]} 18... Bxe4 {[%clk 0:48:55]} 19. Rxe4
{[%clk 0:20:29]} 19... Rxd2 {[%clk 0:44:35]} 20. Qxd2 {[%clk 0:20:12]} 20...
Ncxe4 {[%clk 0:44:32]} 21. Qh6+ {[%clk 0:17:21]} 21... Ke8 {[%clk 0:42:58]} 22.
Qg7 {[%clk 0:08:20]} 22... Qf8 {[%clk 0:36:41]} 23. Qxf8+ {[%clk 0:05:42]}
23... Kxf8 {[%clk 0:36:56]} 24. Nxe5 24... Nxc3 {[%clk 0:36:08]} 25. Rd2 {
[%clk 0:03:45]} 25... Re8 {[%clk 0:35:57]} 26. Nf3 {[%clk 0:03:17]} 26... g5 {
[%clk 0:35:16]} 27. g3 {[%clk 0:02:38]} 27... g4 {[%clk 0:35:07]} 28. Nd4 {
[%clk 0:01:39]} 28... Re1+ {[%clk 0:30:52]} 29. Kg2 {[%clk 0:02:06]} 29... Nfe4
{[%clk 0:30:11]} 30. Ne6+ {[%clk 0:02:10]} 30... Ke7 {[%clk 0:30:17]} 31. Rc2 {
[%clk 0:01:45]} 31... b5 {[%clk 0:29:58]} 32. Bxb5 {[%clk 0:01:14]} 32... Kxe6
{[%clk 0:30:18]} 33. Bd3 {[%clk 0:01:24]} 33... Nd5 {[%clk 0:30:08]} 34. Bxe4 {
[%clk 0:00:57]} 34... Rxe4 {[%clk 0:30:35]} 35. Rc6+ {[%clk 0:01:14]} 35... Kd7
{[%clk 0:30:29]} 36. Rc5 {[%clk 0:01:28]} 36... Ne7 {[%clk 0:30:03]} 37. Rxa5 {
[%clk 0:01:44]} 37... Ng6 {[%clk 0:30:20]} 38. Rh5 {[%clk 0:01:55]} 38... Re7 {
[%clk 0:29:41]} 39. a4 {[%clk 0:01:45]} 39... Ne5 {[%clk 0:29:23]} 40. a5 {
[%clk 0:01:37]} 40... Nf3 {[%clk 0:28:13]} 41. Rb5 {[%clk 0:01:04]} 41... Re1 {
[%clk 0:28:13]} 0-1

[Event "DVM U14w 2020"]
[Site "Willingen GER"]
[Date "2021.06.25"]
[Round "4"]
[White "Arnold, Rubina"]
[Black "Frowein, Katja"]
[Result "0-1"]
[Termination "normal"]
[Board "4.2"]
[WhiteElo "1442"]
[BlackElo "1388"]
[WhiteClock "00:49:34"]
[BlackClock "00:41:33"]
[WhiteTeam "TSG Oberschöneweide e.V."]
[BlackTeam "SC Garching 1980 e.V."]
[PlyCount "58"]
[WhiteFideId "16276272"]
[BlackFideId "16282949"]
[EventCountry "GER"]
[EventRounds "7"]
[EventType "team-swiss"]
[EventDate "2021.06.23"]

1. e4 {[%clk 1:30:58]} 1... c5 {[%clk 1:30:55]} 2. Nf3 {[%clk 1:31:23]} 2... d6
{[%clk 1:31:18]} 3. c3 {[%clk 1:31:48]} 3... Nf6 {[%clk 1:31:28]} 4. Be2 {
[%clk 1:31:33]} 4... g6 {[%clk 1:31:33]} 5. O-O {[%clk 1:31:47]} 5... Bg7 {
[%clk 1:31:48]} 6. Re1 {[%clk 1:31:28]} 6... Nc6 {[%clk 1:31:29]} 7. d4 { [%clk
1:31:41]} 7... Nxe4 {[%clk 1:29:16]} 8. d5 {[%clk 1:31:59]} 8... Ne5 { [%clk
1:28:10]} 9. Qa4+ {[%clk 1:31:50]} 9... Bd7 {[%clk 1:25:05]} 10. Qxe4 { [%clk
1:32:09]} 10... Ng4 {[%clk 1:21:23]} 11. b3 {[%clk 1:25:33]} 11... O-O { [%clk
1:19:35]} 12. Bb2 {[%clk 1:24:37]} 12... Bf5 {[%clk 1:17:36]} 13. Qf4 { [%clk
1:23:40]} 13... e5 {[%clk 1:13:05]} 14. dxe6 {[%clk 1:22:25]} 14... fxe6 {[%clk
1:13:04]} 15. Qd2 {[%clk 1:20:59]} 15... d5 {[%clk 1:08:45]} 16. h3 { [%clk
1:15:58]} 16... Nf6 {[%clk 1:08:44]} 17. Bd3 {[%clk 1:15:32]} 17... Be4 { [%clk
1:04:51]} 18. Ng5 {[%clk 1:13:19]} 18... Bh6 {[%clk 1:01:21]} 19. f4 { [%clk
1:13:30]} 19... Qb6 {[%clk 0:58:44]} 20. Kh1 {[%clk 1:08:16]} 20... c4 { [%clk
0:56:32]} 21. Bxe4 {[%clk 1:02:58]} 21... Bxg5 {[%clk 0:54:50]} 22. Bxd5 {[%clk
0:59:06]} 22... Rad8 {[%clk 0:48:33]} 23. fxg5 {[%clk 0:58:58]} 23... Nxd5
{[%clk 0:46:50]} 24. Na3 {[%clk 0:56:59]} 24... Rf2 {[%clk 0:43:29]} 25. Qc1
{[%clk 0:55:11]} 25... Nf4 {[%clk 0:42:26]} 26. Nxc4 {[%clk 0:53:24]} 26... Qc6
{[%clk 0:41:56]} 27. Rg1 {[%clk 0:50:37]} 27... Rxg2 {[%clk 0:41:25]} 28. Ne5
{[%clk 0:49:27]} 28... Rxg1+ {[%clk 0:41:33]} 29. Kxg1 {[%clk 0:49:34]} 29...
Qg2# 0-1

[Event "DVM U14w 2020"]
[Site "Willingen GER"]
[Date "2021.06.25"]
[Round "4"]
[White "Muhina, Liana"]
[Black "Fock, Madiha"]
[Result "0-1"]
[Termination "normal"]
[Board "4.3"]
[WhiteElo "1273"]
[BlackElo "1278"]
[WhiteClock "00:02:40"]
[BlackClock "00:15:59"]
[WhiteTeam "SC Garching 1980 e.V."]
[BlackTeam "TSG Oberschöneweide e.V."]
[PlyCount "94"]
[WhiteFideId "16266145"]
[BlackFideId "16253574"]
[EventCountry "GER"]
[EventRounds "7"]
[EventType "team-swiss"]
[EventDate "2021.06.23"]

1. e4 {[%clk 1:30:57]} 1... d5 {[%clk 1:30:54]} 2. exd5 {[%clk 1:31:16]} 2...
Qxd5 {[%clk 1:31:16]} 3. Nc3 {[%clk 1:31:22]} 3... Qa5 {[%clk 1:31:37]} 4. d4 {
[%clk 1:31:18]} 4... Nf6 {[%clk 1:31:52]} 5. Bc4 {[%clk 1:31:14]} 5... Bf5 {
[%clk 1:30:21]} 6. Nf3 {[%clk 1:30:33]} 6... c6 {[%clk 1:29:11]} 7. O-O { [%clk
1:25:21]} 7... Nbd7 {[%clk 1:26:12]} 8. Bf4 {[%clk 1:21:53]} 8... e6 { [%clk
1:21:02]} 9. a3 {[%clk 1:19:27]} 9... Be7 {[%clk 1:16:17]} 10. Re1 { [%clk
1:12:58]} 10... Qd8 {[%clk 1:11:15]} 11. Qd2 {[%clk 1:08:31]} 11... Nb6 { [%clk
1:09:57]} 12. Bb3 {[%clk 1:06:27]} 12... Nbd5 {[%clk 1:06:44]} 13. Nxd5 { [%clk
0:55:52]} 13... Nxd5 {[%clk 1:06:23]} 14. Bg3 {[%clk 0:55:19]} 14... O-O {[%clk
0:56:11]} 15. h3 {[%clk 0:53:17]} 15... Nf6 {[%clk 0:53:49]} 16. Qf4 { [%clk
0:46:22]} 16... Nh5 {[%clk 0:52:11]} 17. Qe3 {[%clk 0:44:24]} 17... Nxg3 {[%clk
0:52:12]} 18. fxg3 {[%clk 0:44:29]} 18... Qc7 {[%clk 0:46:56]} 19. Ne5 { [%clk
0:39:47]} 19... Rad8 {[%clk 0:45:23]} 20. Rad1 {[%clk 0:36:16]} 20... c5 {[%clk
0:43:39]} 21. c3 {[%clk 0:35:37]} 21... Qb6 {[%clk 0:41:37]} 22. Ba4 { [%clk
0:32:16]} 22... cxd4 {[%clk 0:38:21]} 23. cxd4 {[%clk 0:31:51]} 23... Qxb2
{[%clk 0:35:59]} 24. Nd7 {[%clk 0:31:05]} 24... Rfe8 {[%clk 0:36:00]} 25. Rd2
{[%clk 0:29:47]} 25... Qxa3 {[%clk 0:35:20]} 26. Qxa3 {[%clk 0:19:30]} 26...
Bxa3 {[%clk 0:35:36]} 27. Ra2 {[%clk 0:17:57]} 27... Bb4 {[%clk 0:35:00]} 28.
Rd1 {[%clk 0:17:47]} 28... Re7 {[%clk 0:34:04]} 29. Ne5 {[%clk 0:14:29]} 29...
Bd6 {[%clk 0:32:44]} 30. g4 {[%clk 0:13:15]} 30... Be4 {[%clk 0:27:53]} 31. Re2
{[%clk 0:10:14]} 31... Bxe5 {[%clk 0:26:36]} 32. dxe5 {[%clk 0:09:23]} 32...
Rxd1+ {[%clk 0:26:55]} 33. Bxd1 {[%clk 0:09:40]} 33... Bc6 { [%clk 0:26:46]}
34. Rc2 {[%clk 0:08:54]} 34... h6 {[%clk 0:25:41]} 35. Kf2 { [%clk 0:08:35]}
35... Kf8 {[%clk 0:21:11]} 36. Be2 {[%clk 0:06:08]} 36... Rd7 { [%clk 0:20:01]}
37. Rc5 {[%clk 0:03:42]} 37... Rd5 {[%clk 0:19:06]} 38. Rxd5 { [%clk 0:02:31]}
38... Bxd5 {[%clk 0:19:26]} 39. Bf3 {[%clk 0:02:05]} 39... Bxf3 {[%clk
0:19:23]} 40. gxf3 {[%clk 0:02:19]} 40... a5 {[%clk 0:19:42]} 41. Ke2 { [%clk
0:02:11]} 41... b5 {[%clk 0:19:21]} 42. Kd3 {[%clk 0:02:21]} 42... Ke7 { [%clk
0:18:43]} 43. Kc3 {[%clk 0:02:37]} 43... f6 {[%clk 0:17:47]} 44. f4 { [%clk
0:02:45]} 44... Kd7 {[%clk 0:15:49]} 45. h4 {[%clk 0:02:56]} 45... fxe5 { [%clk
0:15:48]} 46. fxe5 {[%clk 0:03:09]} 46... Kc6 {[%clk 0:15:59]} 47. Kb3 { [%clk
0:02:40]} 47... Kd5 0-1